[Event "1st ACP Women World Rapid Cup"]
[Site "Konya TUR"]
[Date "2009.12.02"]
[Round "6"]
[White "Zhukova,N"]
[Black "Kosintseva,T"]
[Result "0-1"]
[WhiteElo "2465"]
[BlackElo "2522"]
[EventDate "2009.12.01"]

1. d4 Nf6 2. c4 e6 3. Nf3 d5 4. Nc3 Bb4 5. cxd5 exd5 6. Bg5 Nbd7 7. Qc2 c5
8. dxc5 h6 9. Bd2 Bxc5 10. e3 O-O 11. Bd3 a6 12. Ne2 b5 13. Rc1 Bb7 14. O-O
Rc8 15. Qb1 Ne4 16. Bc3 Bd6 17. Bd4 Ndc5 18. Rfd1 Qe7 19. Nf4 Bxf4 20. exf4
Ne6 21. g3 Nxd4 22. Nxd4 Qf6 23. Bf1 Qb6 24. Qd3 Rfe8 25. Bh3 Rc4 26. b3
Rxc1 27. Rxc1 b4 28. Re1 Rd8 29. Qe3 a5 30. Bf5 g6 31. Bxe4 dxe4 32. Nf5
Qxe3 33. Nxe3 Rd2 34. Rc1 Rxa2 35. Rc7 Ba6 36. g4 a4 37. bxa4 b3 0-1

[Event "1st ACP Women World Rapid Cup"]
[Site "Konya TUR"]
[Date "2009.12.02"]
[Round "6"]
[White "Menzi,N"]
[Black "Kosintseva,N"]
[Result "0-1"]
[WhiteElo "1847"]
[BlackElo "2518"]
[EventDate "2009.12.01"]

1. e4 c5 2. Nf3 g6 3. d4 cxd4 4. Nxd4 Bg7 5. c4 Nc6 6. Be3 Nf6 7. Nc3 d6 8.
Be2 O-O 9. O-O Bd7 10. b3 Nxd4 11. Bxd4 Bc6 12. f3 a5 13. Rc1 Nd7 14. Bxg7
Kxg7 15. Nd5 Nc5 16. Qd4+ e5 17. Qe3 Bxd5 18. exd5 f5 19. Bd3 f4 20. Qd2
Qb6 21. Kh1 Qb4 22. Qxb4 axb4 23. Bb1 Rfb8 24. g3 Kf6 25. Kg2 b5 26. gxf4
exf4 27. Rfe1 g5 28. Re2 h6 29. Rce1 bxc4 30. bxc4 b3 31. axb3 Rxb3 32. Re7
Rxb1 33. R7e6+ Nxe6 34. Rxb1 Nd4 35. Rb6 Ke5 36. Rb7 Ra2+ 37. Kf1 Nxf3 38.
Re7+ Kd4 39. Re6 Nxh2+ 40. Kg1 Nf3+ 41. Kf1 g4 0-1

[Event "1st ACP Women World Rapid Cup"]
[Site "Konya TUR"]
[Date "2009.12.02"]
[Round "7"]
[White "Kosintseva,T"]
[Black "Menzi,N"]
[Result "1-0"]
[WhiteElo "2522"]
[BlackElo "1847"]
[EventDate "2009.12.01"]

1. e4 c5 2. Nf3 d6 3. d4 cxd4 4. Nxd4 Nf6 5. Nc3 g6 6. Be3 Bg7 7. f3 O-O 8.
Qd2 Nc6 9. Bc4 Bd7 10. O-O-O Rc8 11. Bb3 Nxd4 12. Bxd4 b5 13. h4 a5 14. a3
b4 15. axb4 axb4 16. Nd5 Nxd5 17. Bxg7 Kxg7 18. exd5 Qa5 19. Qd4+ Kg8 20.
h5 Ba4 21. hxg6 fxg6 22. Rxh7 Kxh7 23. Rh1+ Kg8 24. Rh8+ Kf7 25. Qf4+ Kg7
26. Qh6+ Kf7 27. Qh7+ Ke8 28. Qxg6+ Kd8 29. Rxf8+ Kc7 30. Qe6 Rxf8 31.
Qxe7+ Bd7 32. Qxf8 Qa1+ 33. Kd2 Qxb2 34. Qf4 Qc3+ 35. Ke2 Bb5+ 36. Kf2 Qa1
37. Qxb4 Qf1+ 38. Kg3 Bd7 39. Qc4+ Qxc4 40. Bxc4 1-0

[Event "1st ACP Women World Rapid Cup"]
[Site "Konya TUR"]
[Date "2009.12.02"]
[Round "7"]
[White "Ozturk,Ku"]
[Black "Javakhishvili,L"]
[Result "1-0"]
[WhiteElo "2177"]
[BlackElo "2482"]
[EventDate "2009.12.01"]

1. d4 c5 2. Nf3 cxd4 3. Nxd4 d5 4. Nb3 Nc6 5. Bg5 h6 6. Bh4 g5 7. Bg3 Bg7
8. c3 Nf6 9. N1d2 Nh5 10. e4 Nxg3 11. hxg3 d4 12. cxd4 Nxd4 13. Bc4 O-O 14.
Rb1 Nxb3 15. Qxb3 Qd4 16. Qd3 Qxd3 17. Bxd3 Rd8 18. Ke2 Be6 19. b3 Rd4 20.
Rhd1 a6 21. Nc4 b5 22. Ne3 Rc8 23. Rbc1 Rdd8 24. f3 Be5 25. g4 Bf4 26. Rxc8
Bxc8 27. Nf5 Kf8 28. Rh1 e6 29. Ne3 Kg7 30. Rc1 Bb7 31. Rc2 Rh8 32. a4 bxa4
33. bxa4 h5 34. Rb2 Bc8 35. gxh5 Rxh5 36. Rc2 Rh8 37. Rc6 Bd7 38. Rxa6 Rb8
39. Nc4 Rb4 40. Nb6 Rb2+ 41. Ke1 Bg3+ 42. Kd1 Be8 43. Bc2 Bf2 44. Nc4 Rb4
45. Nd6 Bd7 46. Ke2 Bc5 47. e5 Bd4 48. Ne4 Bxe5 49. Nxg5 Bd4 50. Ne4 e5 51.
Nd6 Rb2 52. Kd1 Kf8 53. Nc4 Rb4 54. Nd2 Kg7 55. a5 Bb5 56. Ra8 Rb2 57. Nb3
Bg1 58. Kc1 Ra2 59. Kb1 Ra4 60. Rb8 Bf1 61. Nd2 Bxg2 62. Bxa4 1-0

[Event "1st ACP Women World Rapid Cup"]
[Site "Konya TUR"]
[Date "2009.12.02"]
[Round "8"]
[White "Cmilyte,V"]
[Black "Ozturk,Ku"]
[Result "1-0"]
[WhiteElo "2480"]
[BlackElo "2177"]
[EventDate "2009.12.01"]

1. c4 c5 2. Nf3 Nc6 3. g3 g6 4. d4 cxd4 5. Nxd4 Bg7 6. Nc2 Nf6 7. Bg2 O-O
8. Nc3 d6 9. O-O Bg4 10. h3 Be6 11. Nd5 Nd7 12. e4 Nc5 13. Rb1 a5 14. b3
Rb8 15. Qe2 Qd7 16. Kh2 f5 17. exf5 Bxf5 18. Rd1 Nd4 19. Nxd4 Bxb1 20. Ba3
e5 21. Nb5 Bf5 22. Nb6 Qf7 23. Nxd6 Qc7 24. Nxf5 Rxf5 25. Nd5 Qd6 26. Ne3
Qc7 27. Nxf5 gxf5 28. Rd5 b6 29. Qd2 e4 30. Rxf5 Rd8 31. Rd5 Rf8 32. Qe3
Qf7 33. Kg1 Qf6 34. Rd1 Bh6 35. Qe2 Qe5 36. Bxc5 Qxc5 37. Rd5 Qe7 38. Qxe4
Qxe4 39. Bxe4 Re8 40. f3 Be3+ 41. Kg2 Bc5 42. Rd7 h6 43. h4 Re7 44. Rxe7
Bxe7 45. Kh3 Kg7 46. g4 Bd6 47. g5 hxg5 48. hxg5 Bf4 49. Kg4 Bd2 50. f4 Bc3
51. f5 Kf7 52. Bd5+ Kg7 53. f6+ Kg6 54. Be4+ Kf7 55. Kf5 1-0

[Event "1st ACP Women World Rapid Cup"]
[Site "Konya TUR"]
[Date "2009.12.02"]
[Round "8"]
[White "Zhukova,N"]
[Black "Klinova,M"]
[Result "1-0"]
[WhiteElo "2465"]
[BlackElo "2305"]
[EventDate "2009.12.01"]

1. d4 d6 2. Nf3 Nf6 3. c4 g6 4. Nc3 Bg7 5. e4 O-O 6. h3 e5 7. d5 Nbd7 8.
Bg5 h6 9. Be3 Nc5 10. Nd2 a5 11. Be2 c6 12. Qc2 Bd7 13. a3 cxd5 14. cxd5 a4
15. Nc4 Qc7 16. O-O Rfc8 17. f4 exf4 18. Rxf4 b5 19. Nd2 Be8 20. Raf1 Qe7
21. Bd4 Nfd7 22. Bxg7 Kxg7 23. Bxb5 Ne5 24. Nf3 Bxb5 25. Nxe5 Qxe5 26.
Rxf7+ Kg8 27. Nxb5 Nxe4 28. Rc7 Rf8 29. Re1 Rae8 30. Rc4 Qxd5 31. Nc7 Qf5
1-0

[Event "1st ACP Women World Rapid Cup"]
[Site "Konya TUR"]
[Date "2009.12.03"]
[Round "9"]
[White "Cramling,P"]
[Black "Kosintseva,N"]
[Result "1-0"]
[WhiteElo "2525"]
[BlackElo "2518"]
[EventDate "2009.12.01"]

1. d4 Nf6 2. Nf3 d5 3. c4 e6 4. Nc3 Bb4 5. Qa4+ Nc6 6. e3 O-O 7. Qc2 b6 8.
Be2 Ba6 9. cxd5 Bxe2 10. Kxe2 exd5 11. Rd1 Ne7 12. Bd2 c5 13. dxc5 bxc5 14.
Kf1 Rc8 15. Kg1 Qb6 16. a3 Bxc3 17. Bxc3 Ne4 18. Be5 Rfd8 19. Rac1 Ng6 20.
Bc3 Ne7 21. h3 f6 22. Be1 c4 23. Nd4 Nc6 24. Ne6 Nb4 25. Bxb4 Qxe6 26. Rd4
Qc6 27. Rcd1 Rd7 28. Kh1 Qe6 29. Kg1 Qc6 30. f3 Nc5 31. e4 Nd3 32. exd5
Rxd5 33. R1xd3 Qb6 34. Qc3 cxd3 35. Qxc8+ Kf7 36. Qf8+ Kg6 37. Qe8+ Kh6 38.
Qe3+ g5 39. Bf8+ Kh5 40. g4+ 1-0

[Event "1st ACP Women World Rapid Cup"]
[Site "Konya TUR"]
[Date "2009.12.03"]
[Round "9"]
[White "Yildiz,B"]
[Black "Zhukova,N"]
[Result "1-0"]
[WhiteElo "2213"]
[BlackElo "2465"]
[EventDate "2009.12.01"]

1. e4 e5 2. Nf3 Nc6 3. d4 exd4 4. Nxd4 Nf6 5. Nxc6 bxc6 6. e5 Qe7 7. Qe2
Nd5 8. c4 Ba6 9. Nd2 Nb6 10. b3 O-O-O 11. Bb2 d5 12. exd6 Qxe2+ 13. Bxe2
cxd6 14. O-O-O h5 15. Bf3 d5 16. cxd5 cxd5 17. Kb1 f6 18. Nf1 Kb8 19. Ne3
Bc5 20. Bd4 Bxd4 21. Rxd4 Bb7 22. Rhd1 Rd7 23. h4 g6 24. g3 Rhd8 25. Ng2
Nc8 26. Nf4 Ne7 27. Rb4 Nc6 28. Rb5 Ne5 29. Bg2 a6 30. Rb4 Ka7 31. Rbd4 Rd6
32. Kb2 Kb8 33. a3 Ka7 34. Nd3 Nc6 35. Ra4 Kb6 36. Rc1 Re8 37. Rc2 Ne5 38.
Nc5 Bc8 39. Bf1 a5 40. b4 Bf5 41. bxa5+ Ka7 42. Rc3 Nc4+ 43. Bxc4 dxc4 44.
Raxc4 Rd2+ 45. Kb3 Ree2 46. Ka4 Rxf2 47. Rb4 Bc2+ 48. Kb5 Rd8 49. a6 Bd1
50. Ka5 Rf5 51. Rb7+ Ka8 52. Kb6 Rd6+ 53. Kc7 Rfd5 54. Re3 Rxc5+ 55. Kxd6
Rc8 56. Ree7 Rd8+ 57. Ke6 f5 58. Ra7+ Kb8 59. Reb7+ 1-0

[Event "1st ACP Women World Rapid Cup"]
[Site "Konya TUR"]
[Date "2009.12.03"]
[Round "9"]
[White "Javakhishvili,L"]
[Black "Cmilyte,V"]
[Result "0-1"]
[WhiteElo "2482"]
[BlackElo "2480"]
[EventDate "2009.12.01"]

1. d4 f5 2. Nc3 Nf6 3. Bg5 d5 4. Bxf6 exf6 5. e3 Be6 6. Bd3 Qd7 7. Qf3 Nc6
8. a3 Be7 9. Nge2 g6 10. h4 O-O-O 11. h5 g5 12. h6 a6 13. O-O-O Bd6 14. Qh5
f4 15. exf4 Bg4 16. Qh2 Nxd4 17. f3 Nxe2+ 18. Nxe2 Be6 19. g3 Bc5 20. Kb1
Be3 21. Rhe1 d4 22. fxg5 fxg5 23. Be4 Qb5 24. Nc1 Bf5 25. Nd3 Rhf8 26. Qh5
Bxe4 27. fxe4 c5 28. e5 c4 29. Nb4 Qxe5 30. Qe2 Qc7 31. Rf1 a5 32. Rxf8
Rxf8 33. Nd5 Qc5 34. Qxc4 Qxc4 35. Nb6+ Kc7 36. Nxc4 Rf3 37. g4 b6 38. Ne5
Rf6 39. c3 Rxh6 40. cxd4 Bf4 41. Nd3 Rh4 42. Rg1 Be3 43. Rg2 Bxd4 44. Kc2
Rh3 45. Nc1 Kc6 46. Ne2 Be5 47. Ng1 Rh2 48. Rxh2 Bxh2 49. Nf3 Bf4 50. Kd3
Kd5 51. b3 b5 52. Nd4 Kc5 53. Ne6+ Kd5 54. Nd4 Kc5 55. Ne6+ Kd5 56. Nd4 b4
57. a4 Be5 58. Nf3 Bf6 59. Nd2 h6 60. Ne4 Be7 61. Ng3 Ke5 62. Ne2 Bf8 63.
Ke3 Bc5+ 64. Kd3 Bb6 65. Ng3 Kf4 66. Nf5 h5 67. Ne7 Kxg4 68. Kc4 h4 69. Kb5
Bd8 70. Nc6 h3 71. Nxd8 h2 72. Nc6 h1=Q 73. Nxa5 Kf5 74. Nc6 Qd5+ 75. Kb6
Qxb3 76. Nd4+ Ke4 77. Nxb3 g4 78. Nd2+ Kd3 79. a5 Kxd2 80. a6 b3 81. a7 b2
82. a8=Q b1=Q 83. Kc7 Qc2+ 84. Kd7 Qd3+ 85. Kc7 Qc3+ 86. Kd7 Qg7+ 87. Kd6
Qf6+ 88. Kd7 Qf7+ 89. Kd6 Qf4+ 90. Kd7 g3 91. Qg2+ Ke3 92. Kc8 Qf2 93. Qd5
Qc2+ 94. Kb8 g2 95. Qg5+ Kf3 96. Qh5+ Kg3 97. Qe5+ Kf2 98. Qd4+ Kf1 99.
Qf4+ Qf2 100. Qc1+ Qe1 101. Qf4+ Qf2 102. Qc1+ Ke2 103. Qc4+ Kf3 104. Qd5+
Kg4 105. Qe6+ Qf5 106. Qe2+ Kg3 107. Qe1+ Kh2 108. Qd2 Qe5+ 109. Ka8 Qe4+
110. Ka7 Qe7+ 111. Ka8 Qe4+ 112. Ka7 Qh7+ 113. Ka8 Qg8+ 114. Ka7 Qf7+ 115.
Ka8 Qf8+ 116. Ka7 Kh1 117. Qd5 Qg7+ 118. Ka6 Qg6+ 119. Ka7 Kh2 120. Qd2 Kh3
121. Qe3+ Kg4 122. Qe2+ Kf4 123. Qd2+ Ke5 124. Qc3+ Kd5 125. Qa5+ Kd4 126.
Qd2+ Kc4 127. Qa2+ Kc5 128. Qa5+ Kd4 129. Qd2+ Ke5 130. Qb2+ Kf5 131. Qc2+
Kf6 132. Qf2+ Kg7 133. Qd4+ Kg8 134. Qd8+ Kg7 135. Qd4+ Kf8 136. Qc5+ Kg8
137. Qc8+ Kg7 138. Qc3+ Kf8 139. Qc5+ Kf7 140. Qd5+ Ke7 141. Qb7+ Kf8 142.
Qc8+ Qe8 143. Qg4 Qe3+ 0-1

[Event "1st ACP Women World Rapid Cup"]
[Site "Konya TUR"]
[Date "2009.12.03"]
[Round "10"]
[White "Socko,M"]
[Black "Cmilyte,V"]
[Result "0-1"]
[WhiteElo "2457"]
[BlackElo "2480"]
[EventDate "2009.12.01"]

1. e4 e5 2. Nf3 Nc6 3. Bc4 Bc5 4. c3 Nf6 5. d4 exd4 6. e5 d5 7. Bb5 Ne4 8.
cxd4 Bb6 9. Nc3 O-O 10. Be3 Bg4 11. Qc2 f5 12. exf6 Nxf6 13. O-O-O Kh8 14.
h3 Bh5 15. g4 Bg6 16. Qe2 Ne4 17. Bxc6 Nxc3 18. bxc3 bxc6 19. Ne5 Qd6 20.
Nxg6+ Qxg6 21. Qc2 Qd6 22. Kb2 c5 23. Ka1 Rab8 24. h4 c4 25. Qa4 c5 26. Qa3
Rfc8 27. Rhe1 Qf6 28. g5 Qf3 29. dxc5 Bxc5 30. Bxc5 Rxc5 31. Rb1 Rxb1+ 32.
Rxb1 Rc8 33. Qa5 d4 34. cxd4 Qd3 35. Qe5 c3 36. Qe6 Rd8 37. Qe3 Qc4 38. Rc1
c2 39. Qd2 Rc8 40. h5 a5 41. h6 a4 42. hxg7+ Kg8 43. f4 a3 44. f5 Qb5 0-1

[Event "1st ACP Women World Rapid Cup"]
[Site "Konya TUR"]
[Date "2009.12.03"]
[Round "10"]
[White "Kosintseva,N"]
[Black "Klinova,M"]
[Result "1-0"]
[WhiteElo "2518"]
[BlackElo "2305"]
[EventDate "2009.12.01"]

1. e4 d6 2. d4 Nf6 3. Nc3 g6 4. Be3 c6 5. Qd2 b5 6. Bd3 Nbd7 7. Nf3 e5 8.
h3 Bb7 9. O-O Bg7 10. dxe5 dxe5 11. Ne2 Qe7 12. a4 a6 13. Ng3 Nc5 14. Bxc5
Qxc5 15. b4 Qe7 16. c4 bxc4 17. Bxc4 O-O 18. Rfe1 Nd7 19. Bf1 c5 20. b5
Rfd8 21. Qc3 axb5 22. Bxb5 Nf8 23. a5 Ra7 24. Nd2 Ne6 25. Bf1 Nd4 26. Nc4
Ba6 27. Nb6 Bb7 28. Bc4 Bh6 29. Nf1 Bc6 30. Ne3 Bxe3 31. fxe3 Nb5 32. Bxb5
Bxb5 33. Nd5 Qd6 34. Red1 Kg7 35. Qb2 1-0

[Event "1st ACP Women World Rapid Cup"]
[Site "Konya TUR"]
[Date "2009.12.03"]
[Round "10"]
[White "Kosintseva,T"]
[Black "Cramling,P"]
[Result "1/2-1/2"]
[WhiteElo "2522"]
[BlackElo "2525"]
[EventDate "2009.12.01"]

1. e4 c5 2. Nf3 a6 3. c3 e6 4. d4 d5 5. e5 Qb6 6. Bd3 cxd4 7. Nxd4 Nc6 8.
Nxc6 bxc6 9. O-O a5 10. c4 Ba6 11. cxd5 Bxd3 12. Qxd3 cxd5 13. Nc3 Qa6 14.
Nb5 Kd7 15. Be3 Ne7 16. Rac1 Nc6 17. Rxc6 Qxc6 18. Rc1 Qa6 19. Rc7+ Ke8 20.
Ba7 Kd8 21. a4 Be7 22. Qc2 f6 23. Rxe7 Kxe7 24. Qc7+ Kf8 25. exf6 gxf6 26.
Be3 h5 27. Nd6 Rh7 28. Qxh7 Qxd6 29. Qh8+ Kf7 30. Qxa8 Qb4 31. h3 Qxa4 32.
Qa7+ Kg6 33. Qd4 Qb3 34. Qd2 e5 35. Bc5 d4 36. Ba3 a4 37. Kf1 Qc4+ 38. Ke1
e4 39. Qf4 d3 40. f3 f5 41. h4 Qd5 42. Qg5+ Kh7 43. Qxh5+ Kg7 44. Qg5+ Kf7
45. Qe7+ Kg8 46. Qf8+ Kh7 47. Qe7+ Kg8 48. f4 d2+ 49. Kd1 Qb3+ 50. Kxd2
Qd3+ 51. Ke1 Qe3+ 52. Kf1 Qc1+ 53. Kf2 Qd2+ 54. Kf1 Qc1+ 55. Ke2 Qc2+ 56.
Ke3 Qd3+ 57. Kf2 Qd2+ 58. Kg1 Qc1+ 59. Kf2 Qd2+ 60. Kg1 Qc1+ 61. Kh2 Qxf4+
62. Kh3 Qg4+ 63. Kh2 Qf4+ 64. Kg1 Qc1+ 65. Kf2 Qd2+ 66. Kf1 Qd1+ 67. Kf2
Qd2+ 68. Kg1 Qc1+ 69. Kf2 Qd2+ 1/2-1/2

[Event "1st ACP Women World Rapid Cup"]
[Site "Konya TUR"]
[Date "2009.12.03"]
[Round "11"]
[White "Cramling,P"]
[Black "Socko,M"]
[Result "1-0"]
[WhiteElo "2525"]
[BlackElo "2457"]
[EventDate "2009.12.01"]

1. d4 Nf6 2. Nf3 e6 3. c4 c5 4. d5 exd5 5. cxd5 d6 6. e4 g6 7. h3 Bg7 8.
Bd3 O-O 9. O-O c4 10. Bc2 Na6 11. Nc3 Nb4 12. Bb1 Qa5 13. Bd2 Nd3 14. Bxd3
cxd3 15. Ne1 Qa6 16. Qf3 Nh5 17. g4 Nf6 18. Bg5 Nd7 19. Qxd3 Re8 20. Qxa6
bxa6 21. Nd3 Ne5 22. Nxe5 Bxe5 23. Rfe1 Bd7 24. Rac1 Kg7 25. Be3 h5 26. f3
hxg4 27. hxg4 Rac8 28. Kg2 Rh8 29. f4 Bxc3 30. Rxc3 Rxc3 31. Bd4+ Kf8 32.
bxc3 Rh4 33. Bf6 Rxg4+ 34. Kf3 g5 35. f5 Rh4 36. Bxg5 Rh3+ 37. Kg4 Rxc3 38.
Bf6 Rc2 39. Rh1 Rg2+ 40. Kf3 Rg8 41. Rc1 Ke8 42. Bd4 Ke7 43. f6+ Kd8 44.
Bxa7 Bb5 45. Bb6+ Kd7 46. Rc7+ Kd8 47. Ra7+ Kc8 48. Ra8+ Kb7 49. Rxg8 Kxb6
50. Rf8 1-0

[Event "1st ACP Women World Rapid Cup"]
[Site "Konya TUR"]
[Date "2009.12.03"]
[Round "11"]
[White "Klinova,M"]
[Black "Kosintseva,T"]
[Result "1/2-1/2"]
[WhiteElo "2305"]
[BlackElo "2522"]
[EventDate "2009.12.01"]

1. e4 e5 2. Nf3 Nc6 3. Bb5 a6 4. Bxc6 dxc6 5. d4 exd4 6. Qxd4 Qxd4 7. Nxd4
Bd7 8. Nc3 Ne7 9. Bf4 O-O-O 10. O-O-O Re8 11. f3 f6 12. Bg3 c5 13. Nde2 Nc6
14. Nf4 Ne5 15. Nd3 Bc6 16. Nxe5 fxe5 17. Nd5 g6 18. c4 b6 19. Kc2 Kb7 20.
Nf6 Re6 21. Nd5 Bd6 22. Rd3 h5 23. Bh4 Bf8 24. Bg5 Bg7 25. Rhd1 Rhe8 26. h4
b5 27. Ne3 Bf8 28. Rd8 Bd6 29. Rxe8 Bxe8 30. b3 c6 31. a4 Bc7 32. Bd8 Bd6
33. Bg5 Kc8 34. Ra1 Bc7 35. Rd1 Bd7 36. Rd3 Re8 37. Rd1 Ba5 38. Rd6 Rg8 39.
Rd3 Bc7 40. Be7 Bb6 41. Bf6 Re8 42. Bg5 Bc7 43. Rd1 Re6 44. Rd3 Be8 45. Rd1
Bd6 46. Rd3 Kc7 47. Rd1 Kc8 48. Rd3 Bc7 49. Rd1 Ba5 50. Rd3 Bd7 51. Rd1 Bc7
52. Rd3 Bb6 1/2-1/2

[Event "1st ACP Women World Rapid Cup"]
[Site "Konya TUR"]
[Date "2009.12.03"]
[Round "11"]
[White "Ozturk,Ku"]
[Black "Menzi,N"]
[Result "1-0"]
[WhiteElo "2177"]
[BlackElo "1847"]
[EventDate "2009.12.01"]

1. d4 Nf6 2. c4 g6 3. Nf3 Bg7 4. g3 O-O 5. Bg2 d6 6. Nc3 Nbd7 7. O-O e5 8.
e4 c6 9. h3 exd4 10. Nxd4 a5 11. Nc2 Nc5 12. Bf4 Re8 13. Re1 Bf8 14. Qd2
Ne6 15. Be3 Qc7 16. Rad1 Bd7 17. Nd4 Nc5 18. Bg5 Nh5 19. g4 Ng7 20. Bf4
Nge6 21. Nxe6 Bxe6 22. b3 Rad8 23. Qe3 a4 24. Qxc5 axb3 25. axb3 Qe7 26.
Qe3 Bg7 27. Ne2 b5 28. cxb5 cxb5 29. Nd4 Bd7 30. Qd3 d5 31. e5 Qb4 32. Qd2
Qc5 33. b4 Qb6 34. Nb3 Bf8 35. Be3 Qc7 36. Bd4 Ra8 37. Bxd5 Ra4 38. Nc5 Ra3
39. e6 fxe6 40. Nxe6 Bxe6 41. Rxe6 1-0